000 00983nam0a22003131 4500
001 v19\rc\1643811
005 20061002125735.2
035 _a(NLR Aleph) 004756536
090 _a4562407
_c4562407
100 _a20061002d1886 |||y0rusy50 ca
101 0 _arus
102 _aRU
105 _ay z |||||
200 1 _aЭластические волокна при легочной чахотке
_eДис. Ю. Опацкого
210 _aСанкт-Петербург
_cтип. И.Н. Скороходова
_d1886
215 _a[2], 84 с.
_d23
320 _aБиблиогр. в примеч.
700 1 _aОпацкий
_bЮ. Ф.
_gЮлий Флорианович
801 0 _aRU
_bNLR
_gpsbo
801 0 _aRU
_bRuMoRGB
_2psbo
801 1 _aRU
_bProSoft-M
_2rusmarc
852 _aNLR
_j18.215.3.171
852 _aNLR
_j133/371
899 _aRuMoRGB
_jP 56/325
899 _aRuMoRGB
_jU 101/770
899 _aRuMoRGB
_jU 476/366
899 _aБАН
942 _cBOOK
980 _aNB